00446cam a2200181ua 45000010005000000080039000050200015000440400009000590410008000680820008000761000023000842450040001072500009001472600040001563000010001966530036002066530022002427736141222n ii |||gr||||Z||||||eng a8172011970 cMAIN aeng a920 aDutt, U.,eAuthor.1 aGirish Chandra GhoshcBu Utpal Dutt a1st. aNew Delhi:bSahitya akademi,c1992. a101p. aBiography, genealogy & insignia aBengali biography